Регионална библиотека "Любен Каравелов" - Русе

Двойната Лотхен (Запис номер 18554)

MARC детайли
000 -Лидер
Контролно поле с фиксирана дължина 01278nam a2200325 c 4500
003 - Код на организацията, давaща контролен номер
Контролно поле BLK
005 - Дата и час на последна редакция
Контролно поле 20210717095109.0
008 - Елементи от данни с фиксирана дължина
fixed length control field 180413b bul|||||r ||||||| ||bul||
010 ## - Наследен системен номер
LC control number KNG00020613000
020 ## - Международен стандартен номер на книга ISBN
Международен стандартен номер на книга ISBN 954-426-117-6
-- издат.: Анубис
040 ## - Източник на каталожния запис
Идентификатор на билиотеката - собственик на записа BLK
041 ## - Код за език
Код за езика на текст/звукозапис или на отделно заглавие Български
Код за езика КДБФ Български
080 ## - УДК
Текстов определител УДК Немска литература
УДК код - определител по УДК 821.112.2
УДК определител -93-31
УДК - код + определител 821.112.2-93-31
100 1# - Редна дума - Автор
Автор Кестнер, Ерих
Авторска отговорност първи автор
R(LIN) 241914
139 ## - Редно поле
Редна дума Кестнер, Ерих
Авторски знак Кес - К 53
245 10 - Сведения за заглавието
Заглавие Двойната Лотхен
Подзаглавни данни Роман за деца
Редно поле (дума) Ерих Кестнер; прев. Владимир Илиев Мусаков.
250 ## - Област на изданието
Сведения за изданието 2. изд.
257 ## - Страна на издаване
Страна на създаване/издаване Германия
260 ## - Област на издателските данни
-- София
Име на издателя, разпространителя и проч. Анубис
Година на издаване 1997
300 ## - Физическа характеристика
Страници 104 с.
Илюстрации и др. с ил.
Размери/Мащаб 22 см
380 ## - Жанр
Жанр Детска худож. лит.
490 1# - СЕРИИ (Колекции)
Име на серия Библиотека от 5 до 105 години
500 ## - Общи забележки
Забележка Ориг. загл. Das doppelte Lottchen / Erich Kastner. - 1. изд. 1957 на изд. Нар. култура. - Доп. тир. 2004.
700 1# - Други автори (авторска отговорност)
Лично име Мусаков, Владимир Илиев
Автороска отговорност (Описва отношението между автора и произведението) прев.
9 (RLIN) 365282
852 ## - Местоположение
Форматна сигнатура Цб 195751
856 4# - Електронен адрес и достъп
Електронен формат pdf - файл
Път до файла /url/
856 4# - Електронен адрес и достъп
Електронен формат pdf - файл
Път до файла /url/
942 ## - АРТИКУЛИ
Вид на библиотечния материал Книги
Скрит в OPAC Не
Koha issues (borrowed), all copies 5
944 ## - СЪЗДАВАНЕ И РЕДАКЦИЯ на ЗАПИСА
Създаване/Редакция Създаване
Дата на регистрацията/редакция 15.01.2003
Служител, извършил регистрацията/редакцията Цветанка_Енчева
944 ## - СЪЗДАВАНЕ И РЕДАКЦИЯ на ЗАПИСА
Създаване/Редакция Редакция
Дата на регистрацията/редакция 11.06.2015
Служител, извършил регистрацията/редакцията Милена_Ачева
999 ## - СИСТЕМНИ КОНТРОЛНИ НОМЕРА
Koha biblionumber 18554
Koha biblioitemnumber 18554
Наличности
Код за отписване Код за изгубен артикул Източник на класификационната схема Код за повреда Коз за рестрикции Код за отдаване Артикулен № Име на библиотеката - собственик Име на библиотеката, в която се намира в момента Статус (Текущо местоположение) Дата на вписване в системата Местоположение - отдел Цена в лева Инвентарен номер Систематично азбучна сигнатура Баркод Номер на екземпляра Цена в евро Служебна бележка Служебен тип на артикула
  Не е изгубен Universal Decimal Classification Не е повреден без рестрикции ползва се в читалня 31086 Регионална библиотека "Любен Каравелов" Русе Регионална библиотека "Любен Каравелов" Русе Хранилище 2001-01-01 Хранилище 0.00 638543 Цб 195751 120000638543 1 0.00 Дост: Dp Вид: Д N: 6 Дата: 01.01.1997 Книги
Изтеглен Не е изгубен   Не е повреден без рестрикции заемане за дома 31087 Регионална библиотека "Любен Каравелов" Русе Регионална библиотека "Любен Каравелов" Русе Детски отдел 2006-04-04 Детски отдел 4.00 120000701435 ДХ 820/899/К 53 120000701435 2 2.05 Дост: Pk Вид: Ф N: 39492 Дата: 03.04.2006 Дата инв: 27.08.2015 Бележки инв: Д2015 Книги
Изтеглен Не е изгубен Universal Decimal Classification Не е повреден без рестрикции заемане за дома 31088 Регионална библиотека "Любен Каравелов" Русе Регионална библиотека "Любен Каравелов" Русе Детски отдел 2006-04-04 Детски отдел 4.00 120000701437 ДХ 820/899/К 53 120000701437 3 2.05 Дост: Pk Вид: Ф N: 39492 Дата: 03.04.2006 Дата инв: 06.08.2015 Бележки инв: Д2015 Книги
Vip Innovations Ltd, Rousse, Bulgaria 2025